[Event "LYM - Young Masters"]
[Site "Lausanne - Casino de Montbenon"]
[Date "2006.09.13"]
[Round "1.1"]
[White "Gashimov, Vugar"]
[Black "Kosintseva, Tatiana"]
[Result "1/2-1/2"]
[WhiteElo "2644"]
[BlackElo "2479"]
[PlyCount "182"]
[EventDate "2006.??.??"]

1. e4 e5 2. Nf3 Nc6 3. Bb5 a6 4. Ba4 Nf6 5. d4 exd4 6. O-O Be7 7. e5 Ne4 8.
Nxd4 O-O 9. Nf5 d5 10. Bxc6 bxc6 11. Nxe7+ Qxe7 12. Re1 Re8 13. f3 Nc5 14. Be3
Bf5 15. Bf2 Ne6 16. Nd2 c5 17. Nb3 c4 18. Nd4 Nxd4 19. Qxd4 Bxc2 20. Qxd5 Bd3
21. Qa5 Rab8 22. e6 fxe6 23. Bd4 Qd6 24. Qc3 Re7 25. Kh1 Rd7 26. Be5 Qe7 27.
Qc1 h6 28. Qe3 Kh7 29. Bc3 Bf5 30. Qf4 Qc5 31. Re5 Qc6 32. Rae1 Rb5 33. R5e3
Rd3 34. g4 Rxe3 35. Rxe3 Bb1 36. Qf7 Rg5 37. Rxe6 Qd5 38. Re7 Be4 39. Qxg7+
Rxg7 40. Rxg7+ Kh8 41. Rg5+ Kh7 42. Rg7+ Kh8 43. Re7+ Kg8 44. Rxe4 Qd1+ 45. Kg2
Qc2+ 46. Kg3 Qb1 47. Re1 Qxa2 48. h4 Kf7 49. f4 Qa4 50. g5 Qc2 51. h5 Qd3+ 52.
Kg4 Qd7+ 53. Kg3 Qd3+ 54. Kh2 hxg5 55. fxg5 Qf3 56. g6+ Kf8 57. g7+ Kf7 58.
Re7+ Kxe7 59. g8=Q Qxh5+ 60. Kg3 Qe2 61. Qg7+ Kd6 62. Qf6+ Kc5 63. Qf5+ Kc6 64.
Qf6+ Kb5 65. Be5 Qe3+ 66. Kg4 Qe4+ 67. Bf4 Qg2+ 68. Bg3 Qe4+ 69. Kh3 Qh7+ 70.
Kg2 Qe4+ 71. Kh2 Qh7+ 72. Bh4 Qc2+ 73. Kg1 Qd1+ 74. Kg2 Qd5+ 75. Kf1 Qd3+ 76.
Kf2 Qd2+ 77. Kf3 Qd3+ 78. Kg4 Qe4+ 79. Kh5 Qd5+ 80. Bg5 Qh1+ 81. Kg4 Qg2+ 82.
Kf5 Qd5+ 83. Kg6 Qd6 84. Kf5 Qxf6+ 85. Bxf6 Kb4 86. Ke4 Kb3 87. Bc3 a5 88. Bxa5
Kxb2 89. Bxc7 c3 90. Be5 Kb3 91. Bxc3 Kxc3 1/2-1/2

[Event "LYM - Young Masters"]
[Site "Lausanne - Casino de Montbenon"]
[Date "2006.09.13"]
[Round "1.1"]
[White "Areshchenko, Alexander"]
[Black "Koneru, Humpy"]
[Result "1/2-1/2"]
[WhiteElo "2641"]
[BlackElo "2548"]
[PlyCount "39"]
[EventDate "2006.??.??"]

1. e4 e5 2. Nf3 Nf6 3. Nxe5 d6 4. Nf3 Nxe4 5. Nc3 Nxc3 6. dxc3 Be7 7. Bf4 O-O
8. Qd2 Nd7 9. O-O-O Nc5 10. h4 c6 11. Bxd6 Qxd6 12. Qxd6 Bxd6 13. Rxd6 Ne4 14.
Rd4 Nxf2 15. Rg1 Ng4 16. Bd3 Re8 17. a4 a5 18. Rf1 h6 19. Rf4 Be6 20. Kd2
1/2-1/2

[Event "LYM - Young Masters"]
[Site "Lausanne - Casino de Montbenon"]
[Date "2006.09.14"]
[Round "1.2"]
[White "Kosintseva, Tatiana"]
[Black "Gashimov, Vugar"]
[Result "1/2-1/2"]
[WhiteElo "2479"]
[BlackElo "2644"]
[PlyCount "80"]
[EventDate "2006.??.??"]

1. e4 c5 2. Nf3 a6 3. c3 e6 4. d4 d5 5. exd5 exd5 6. Be2 Nf6 7. O-O h6 8. Re1
Be6 9. Nbd2 Nc6 10. dxc5 Bxc5 11. Nb3 Bb6 12. Nfd4 O-O 13. Be3 Bc7 14. Nc5 Qd6
15. g3 Rab8 16. b4 Nxd4 17. Qxd4 Bf5 18. Bf3 Qc6 19. Bf4 Rbd8 20. Be5 Bxe5 21.
Qxe5 Qc8 22. Qf4 b6 23. Na4 Bc2 24. Nxb6 Qc6 25. Qd4 Rd6 26. c4 dxc4 27. Bxc6
Rxd4 28. Rac1 Bd3 29. Na4 Ne4 30. f3 Nd6 31. Nc5 Rc8 32. Be4 f5 33. Bxd3 cxd3
34. Nxd3 Rxc1 35. Nxc1 Rxb4 36. Nb3 Nb5 37. Re6 Ra4 38. Nc5 Rc4 39. Nb3 Ra4 40.
Nc5 Rxa2 1/2-1/2

[Event "LYM - Young Masters"]
[Site "Lausanne - Casino de Montbenon"]
[Date "2006.09.14"]
[Round "1.2"]
[White "Koneru, Humpy"]
[Black "Areshchenko, Alexander"]
[Result "1/2-1/2"]
[WhiteElo "2548"]
[BlackElo "2641"]
[PlyCount "40"]
[EventDate "2006.??.??"]

1. d4 Nf6 2. c4 g6 3. Nf3 Bg7 4. g3 d5 5. cxd5 Nxd5 6. Bg2 Nb6 7. Nc3 Nc6 8.
Bf4 O-O 9. O-O Be6 10. Qc1 Nxd4 11. Nxd4 Qxd4 12. Bxb7 Rab8 13. Bg2 Na4 14. Rd1
Nxc3 15. bxc3 Qc5 16. Qc2 Qa3 17. Rab1 Rxb1 18. Rxb1 Bxc3 19. Rb7 Bf6 20. Bh6
Bg7 1/2-1/2

[Event "LYM - Young Masters"]
[Site "Lausanne - Casino de Montbenon"]
[Date "2006.09.14"]
[Round "1.3"]
[White "Koneru, Humpy"]
[Black "Areshchenko , Alexander"]
[Result "1-0"]
[WhiteElo "2548"]
[BlackElo "2641"]
[PlyCount "119"]
[EventDate "2006.??.??"]

1. d4 Nf6 2. c4 g6 3. g3 Bg7 4. Bg2 d5 5. cxd5 Nxd5 6. e4 Nb6 7. Ne2 c5 8. d5
e6 9. O-O O-O 10. Nec3 exd5 11. exd5 Na6 12. Nd2 Nb4 13. Nde4 c4 14. Bg5 f6 15.
Be3 Nd3 16. Nc5 Nxb2 17. Qd2 Nd3 18. Nxd3 cxd3 19. Qxd3 Bf5 20. Qb5 Rc8 21.
Rac1 Rf7 22. Rfd1 Nc4 23. Bc5 b6 24. Qxc4 Rxc5 25. Qb3 Bf8 26. Nb5 Rxc1 27.
Rxc1 Bc5 28. Qc3 Kg7 29. Nd4 Bd7 30. h4 Re7 31. h5 Re5 32. Bf3 Qe7 33. Nc6 Bxc6
34. dxc6 Qc7 35. Kg2 Re7 36. h6+ Kf7 37. Bd5+ Ke8 38. Qxf6 Qe5 39. Bf7+ Kd8 40.
Rd1+ Kc8 41. Qxe5 Rxe5 42. Rd7 Re7 43. Rxe7 Bxe7 44. Bg8 Bf8 45. Bxh7 Bxh6 46.
Bxg6 Kc7 47. Be4 b5 48. f4 a5 49. Kf3 b4 50. g4 a4 51. g5 Bf8 52. f5 b3 53.
axb3 a3 54. Bb1 Kxc6 55. Ke4 Kc5 56. f6 Kb4 57. g6 Kxb3 58. g7 Bxg7 59. fxg7
Kb2 60. g8=Q 1-0

[Event "LYM - Young Masters"]
[Site "Lausanne - Casino de Montbenon"]
[Date "2006.09.14"]
[Round "1.4"]
[White "Gashimov , Vugar"]
[Black "Kosintseva, Tatiana"]
[Result "1-0"]
[WhiteElo "2644"]
[BlackElo "2479"]
[PlyCount "89"]
[EventDate "2006.??.??"]

1. e4 e5 2. Nc3 Nf6 3. g3 d5 4. exd5 Nxd5 5. Bg2 Nxc3 6. bxc3 Bd6 7. Nf3 O-O 8.
O-O c6 9. Rb1 Nd7 10. Re1 Re8 11. d3 h6 12. c4 Nf8 13. h3 Ng6 14. Bb2 Rb8 15.
Bc3 Bf5 16. Nd2 Bc5 17. Qh5 Qg5 18. Qxg5 hxg5 19. Nb3 Bb6 20. c5 Bc7 21. Na5
Bc8 22. Rb2 Ne7 23. Reb1 Nd5 24. Bd2 Bxa5 25. Bxa5 Ra8 26. Re1 b6 27. Bd2 f6
28. d4 bxc5 29. c4 Ne7 30. dxe5 Ba6 31. Be3 Bxc4 32. Bxc5 Nd5 33. Rc1 Ba6 34.
exf6 gxf6 35. Bd4 Rac8 36. Rxc6 Rxc6 37. Bxd5+ Rce6 38. Bxf6 Kf7 39. Bxg5 Kg6
40. Bxe6 Rxe6 41. Be3 Bc4 42. Kh2 Bd5 43. g4 Ra6 44. Kg3 Bxa2 45. Rb7 1-0

[Event "LYM - Young Masters"]
[Site "Lausanne - Casino de Montbenon"]
[Date "2006.09.14"]
[Round "1.4"]
[White "Areshchenko, Alexander"]
[Black "Koneru , Humpy"]
[Result "1-0"]
[WhiteElo "2641"]
[BlackElo "2548"]
[PlyCount "81"]
[EventDate "2006.??.??"]

1. e4 e5 2. Bc4 Nf6 3. d3 c6 4. Nf3 Be7 5. O-O d6 6. h3 O-O 7. Re1 Nbd7 8. c3
Qc7 9. Bb3 d5 10. Nbd2 dxe4 11. dxe4 Nc5 12. Bc2 Rd8 13. Qe2 b6 14. Nc4 Ba6 15.
b4 Ne6 16. a4 Nd7 17. Bb3 Bb7 18. Ne3 Ndf8 19. Nf5 Bf6 20. Nh2 c5 21. Ng4 Bg5
22. Bxg5 Nxg5 23. Qe3 Nge6 24. Nxg7 Nf4 25. Nf5 c4 26. Bxc4 N8e6 27. Nfh6+ Kf8
28. Bxe6 fxe6 29. Rad1 Kg7 30. g3 Ng6 31. h4 Rxd1 32. Rxd1 Rd8 33. Rxd8 Qxd8
34. h5 Nf8 35. Nxe5 Qd1+ 36. Kg2 Qxh5 37. Nhg4 Ng6 38. Qd4 Nxe5 39. Nxe5 Kh6
40. f3 Qe8 41. Ng4+ 1-0

[Event "LYM - Young Masters"]
[Site "Lausanne - Casino de Montbenon"]
[Date "2006.09.16"]
[Round "2.2"]
[White "Kosintseva, Tatiana"]
[Black "Wojtaszek, Radoslaw"]
[Result "0-1"]
[WhiteElo "2479"]
[BlackElo "2622"]
[PlyCount "56"]
[EventDate "2006.??.??"]

1. e4 c5 2. Nf3 d6 3. d4 cxd4 4. Nxd4 Nf6 5. Nc3 a6 6. Be3 e6 7. g4 e5 8. Nf5
h5 9. g5 Nxe4 10. Nxg7+ Bxg7 11. Nxe4 d5 12. Ng3 d4 13. Bd2 Qd5 14. Rg1 Bg4 15.
Be2 Nd7 16. f3 Be6 17. Ne4 Nc5 18. Nxc5 Qxc5 19. Bd3 f5 20. gxf6 Bxf6 21. Qe2
Bh4+ 22. Kd1 O-O-O 23. Qe4 Be7 24. Rg6 Bd5 25. Qf5+ Rd7 26. Qh3 Rf8 27. Bf5 Kb8
28. Bxd7 Bxf3+ 0-1

[Event "LYM - Young Masters"]
[Site "Lausanne - Casino de Montbenon"]
[Date "2006.09.16"]
[Round "2.2"]
[White "Koneru, Humpy"]
[Black "Predojevic, Borki"]
[Result "1-0"]
[WhiteElo "2548"]
[BlackElo "2568"]
[PlyCount "93"]
[EventDate "2006.??.??"]

1. d4 Nf6 2. c4 g6 3. Nc3 d5 4. Bf4 Bg7 5. e3 c5 6. dxc5 Qa5 7. Rc1 dxc4 8.
Bxc4 O-O 9. Nge2 Qxc5 10. Qb3 Nc6 11. Nb5 Qh5 12. Ng3 Qh4 13. Nc7 e5 14. Bxe5
Nxe5 15. Nxa8 Bd7 16. Nc7 Bc6 17. Nd5 Kh8 18. Nxf6 Bxg2 19. Nd5 Rd8 20. Rg1
Nf3+ 21. Ke2 Bh3 22. Kd3 Be6 23. Rgd1 Ne5+ 24. Kc2 Nxc4 25. Nf4 Rf8 26. Nxe6
fxe6 27. Kb1 b5 28. Rc2 a6 29. a4 Qxh2 30. axb5 axb5 31. Qxb5 Nxe3 32. Nf1 Nxf1
33. Qxf1 h6 34. Qd3 g5 35. Qe4 Qh3 36. Re1 Rb8 37. Rec1 Qf5 38. Rc8+ Rxc8 39.
Rxc8+ Kh7 40. Qxf5+ exf5 41. b4 h5 42. Kc2 h4 43. Kd3 h3 44. Ke2 g4 45. Kf1 f4
46. Rc7 Kg6 47. Rxg7+ 1-0

[Event "LYM - Young Masters"]
[Site "Lausanne - Casino de Montbenon"]
[Date "2006.09.18"]
[Round "3.2"]
[White "Koneru, Humpy"]
[Black "Wojtaszek, Radoslaw"]
[Result "0-1"]
[WhiteElo "2548"]
[BlackElo "2622"]
[PlyCount "72"]
[EventDate "2006.09.18"]

1. d4 Nf6 2. Nf3 e6 3. c4 c5 4. d5 d6 5. Nc3 exd5 6. cxd5 g6 7. Nd2 Bg7 8. e4
O-O 9. Be2 Re8 10. O-O Na6 11. f3 Nc7 12. a4 Nd7 13. Nc4 Ne5 14. Ne3 f5 15. f4
Nf7 16. exf5 Bd4 17. fxg6 Nh6 18. gxh7+ Kh8 19. Kh1 Bxe3 20. Bh5 Qh4 21. Bxe3
Rxe3 22. Qd2 Re7 23. Bf3 Bf5 24. b4 b6 25. Nd1 Qf6 26. Nf2 Rae8 27. bxc5 bxc5
28. Rae1 Rxe1 29. Rxe1 Rxe1+ 30. Qxe1 Bxh7 31. g3 c4 32. Qb4 c3 33. Be4 Nxd5
34. Qb8+ Ng8 35. Bxd5 c2 36. Nd3 Qd4 0-1

[Event "LYM - Young Masters"]
[Site "Lausanne - Casino de Montbenon"]
[Date "2006.09.18"]
[Round "3.2"]
[White "Vachier-Lagrave, Maxime"]
[Black "Wang, Yue"]
[Result "0-1"]
[WhiteElo "2577"]
[BlackElo "2626"]
[PlyCount "68"]
[EventDate "2006.09.18"]

1. e4 c5 2. Nf3 d6 3. Bb5+ Nc6 4. O-O Bd7 5. Re1 Nf6 6. c3 a6 7. Bf1 Bg4 8. h3
Bh5 9. g4 Bg6 10. d4 cxd4 11. cxd4 d5 12. e5 Ne4 13. e6 fxe6 14. Nc3 e5 15.
Nxe4 Bxe4 16. Ng5 e6 17. dxe5 Bc5 18. Nxe4 dxe4 19. Qc2 Qb6 20. Be3 Bxe3 21.
Rxe3 O-O 22. Qb3 Qxb3 23. axb3 Rf4 24. Bg2 Raf8 25. Rf1 Nxe5 26. Rxe4 Nf3+ 27.
Bxf3 Rxf3 28. Rb4 b5 29. Ra1 Rxf2 30. Rxa6 Rf1+ 31. Kg2 R8f2+ 32. Kg3 Rf3+ 33.
Kh4 Rh1 34. g5 Rfxh3+ 0-1

[Event "LYM - Young Masters"]
[Site "Lausanne - Casino de Montbenon"]
[Date "2006.09.18"]
[Round "3.2"]
[White "Kosintseva , Tatiana"]
[Black "Predojevic , Borki"]
[Result "0-1"]
[WhiteElo "2479"]
[BlackElo "2568"]
[PlyCount "64"]
[EventDate "2006.09.18"]

1. e4 c5 2. Nf3 e6 3. d4 cxd4 4. Nxd4 a6 5. Bd3 Nf6 6. O-O d6 7. c4 b6 8. Nc3
Bb7 9. Qe2 g6 10. Nf3 Nbd7 11. Bf4 Nh5 12. Bg5 Be7 13. Bh6 Rg8 14. Be3 g5 15.
Bc2 Rc8 16. Rfd1 g4 17. Nd4 Nhf6 18. Ba4 Rg6 19. f4 gxf3 20. Nxf3 Kf8 21. Rac1
Qc7 22. Bc2 Ne5 23. Nxe5 dxe5 24. Na4 Kg7 25. Nxb6 Rg8 26. Nd5 exd5 27. exd5 e4
28. Bd4 Kf8 29. Bxe4 Nxe4 30. Qxe4 Rg4 31. Qxh7 Rxg2+ 32. Kh1 Qf4 0-1

[Event "LYM - Young Masters"]
[Site "Lausanne - Casino de Montbenon"]
[Date "2006.09.18"]
[Round "3.3"]
[White "Wojtaszek, Radoslaw"]
[Black "Koneru, Humpy"]
[Result "1-0"]
[WhiteElo "2622"]
[BlackElo "2548"]
[PlyCount "93"]
[EventDate "2006.??.??"]

1. c4 e5 2. d3 Nf6 3. Nf3 Nc6 4. a3 d5 5. cxd5 Nxd5 6. e3 a5 7. Qc2 Be7 8. b3
O-O 9. Bb2 f6 10. Be2 Be6 11. O-O Qd7 12. Nbd2 Rfd8 13. Rac1 Bf8 14. Ne4 Qf7
15. Rfe1 Nb6 16. Nfd2 h6 17. Nc4 Nxc4 18. bxc4 f5 19. Nc3 Bc5 20. Nd5 Bd6 21.
Bf3 Kh8 22. Qe2 Ne7 23. Nc3 c6 24. g3 Ng8 25. Bg2 Nf6 26. Na4 Rab8 27. d4 e4
28. Bf1 b5 29. cxb5 cxb5 30. Nc5 Bd5 31. Qd2 Qa7 32. Bc3 Ra8 33. Bxb5 Bxc5 34.
dxc5 Bc6 35. Qb2 Bxb5 36. Bxf6 Rdb8 37. Be5 Rb7 38. Bxg7+ Kh7 39. Be5 Bc6 40.
Qd4 Rd7 41. Bd6 Re8 42. Rb1 Rb7 43. Qf6 Rf7 44. Qd4 Qd7 45. Rb6 Ba8 46. Bf4
Qxd4 47. exd4 1-0